000 00948nam a2200253 a 4500
005 20260324111922.0
007 cr |||aaaaaaa|
008 260324s2024 ck|abo||o ||| 000 0 spa d
020 _a9786287651883
040 _aMX-MxUPN
_bspa
_eaacr2
041 0 _aspa
050 1 4 _aN8257
100 1 _aRodríguez Bautista, Diana Marcela
_959158
245 1 0 _aDel acontecimiento social al acontecimiento poético :
_btránsitos y relatos del conflicto armado colombiano
_h[recurso electrónico en línea]
250 _aPrimera edición
260 _aBogotá, Colombia :
_bUniversidad Pedagógica Nacional,
_c2024
300 _a1 recurso en línea (222 páginas)
_bilustraciones, mapas, fotografías, PDF
506 0 _aAcceso abierto
650 4 _aArte colombiano
_959159
650 4 _aConflicto armado
_xHistoria
_zColombia
_950744
856 4 0 _uhttp://hdl.handle.net/20.500.12209/20807
902 _aJohanaAllegre/240326
942 _2lcc
_cLIBRO-E
999 _c214866
_d214866